Annual report of the Archaeological Survey of India: Muhammadam and British monuments; Northern Circle 1920 (Record no. 120906)
[ view plain ]
| 000 -LEADER | |
|---|---|
| fixed length control field | 00929nam a2200325Ia 4500 |
| 003 - CONTROL NUMBER IDENTIFIER | |
| control field | OSt |
| 005 - DATE AND TIME OF LATEST TRANSACTION | |
| control field | 20240517093715.0 |
| 008 - FIXED-LENGTH DATA ELEMENTS--GENERAL INFORMATION | |
| fixed length control field | 210210b1921 xxu||||| |||| 00| 0 eng d |
| 040 ## - CATALOGING SOURCE | |
| Transcribing agency | AL |
| 041 ## - LANGUAGE CODE | |
| Language code of text/sound track or separate title | eng |
| 082 ## - DEWEY DECIMAL CLASSIFICATION NUMBER | |
| Classification number | 954/655 |
| 100 ## - MAIN ENTRY--PERSONAL NAME | |
| Personal name | India, (Archaeological Survey of) |
| 9 (RLIN) | 165395 |
| 245 ## - TITLE STATEMENT | |
| Title | Annual report of the Archaeological Survey of India: Muhammadam and British monuments; Northern Circle 1920 |
| 260 ## - PUBLICATION, DISTRIBUTION, ETC. | |
| Place of publication, distribution, etc. | Allahabad |
| Name of publisher, distributor, etc. | Superintendent Government Printing |
| Date of publication, distribution, etc. | 1921 |
| 300 ## - PHYSICAL DESCRIPTION | |
| Extent | 26 |
| 650 ## - SUBJECT ADDED ENTRY--TOPICAL TERM | |
| Topical term or geographic name entry element | Survey |
| 9 (RLIN) | 165396 |
| 650 ## - SUBJECT ADDED ENTRY--TOPICAL TERM | |
| Topical term or geographic name entry element | report |
| 9 (RLIN) | 165397 |
| 650 ## - SUBJECT ADDED ENTRY--TOPICAL TERM | |
| Topical term or geographic name entry element | Northern |
| 9 (RLIN) | 165398 |
| 650 ## - SUBJECT ADDED ENTRY--TOPICAL TERM | |
| Topical term or geographic name entry element | Muhammadam |
| 9 (RLIN) | 165399 |
| 650 ## - SUBJECT ADDED ENTRY--TOPICAL TERM | |
| Topical term or geographic name entry element | monuments |
| 9 (RLIN) | 165400 |
| 650 ## - SUBJECT ADDED ENTRY--TOPICAL TERM | |
| Topical term or geographic name entry element | India: |
| 9 (RLIN) | 165401 |
| 650 ## - SUBJECT ADDED ENTRY--TOPICAL TERM | |
| Topical term or geographic name entry element | Circle |
| 9 (RLIN) | 165402 |
| 650 ## - SUBJECT ADDED ENTRY--TOPICAL TERM | |
| Topical term or geographic name entry element | British |
| 9 (RLIN) | 165403 |
| 650 ## - SUBJECT ADDED ENTRY--TOPICAL TERM | |
| Topical term or geographic name entry element | Archaeological |
| 9 (RLIN) | 165404 |
| 650 ## - SUBJECT ADDED ENTRY--TOPICAL TERM | |
| Topical term or geographic name entry element | Annual |
| 9 (RLIN) | 165405 |
| 650 ## - SUBJECT ADDED ENTRY--TOPICAL TERM | |
| Topical term or geographic name entry element | 1920 |
| 9 (RLIN) | 165406 |
| 690 ## - LOCAL SUBJECT ADDED ENTRY--TOPICAL TERM (OCLC, RLIN) | |
| Topical term or geographic name as entry element | Indian History |
| 9 (RLIN) | 165407 |
| 906 ## - LOCAL DATA ELEMENT F, LDF (RLIN) | |
| a | 002155 |
| 942 ## - ADDED ENTRY ELEMENTS (KOHA) | |
| Source of classification or shelving scheme | Dewey Decimal Classification |
| Koha item type | Book |
| Withdrawn status | Lost status | Damaged status | Not for loan | Collection code | Home library | Current library | Shelving location | Date acquired | Cost, normal purchase price | Total Checkouts | Full call number | Barcode | Date last seen | Price effective from | Koha item type |
|---|---|---|---|---|---|---|---|---|---|---|---|---|---|---|---|
| Restricted Book | St Aloysius Library | St Aloysius Library | 02/17/2021 | 0.00 | 954/655 | 002155 | 02/17/2021 | 02/17/2021 | Book |